书目信息 |
| 题名: |
怎样办托儿所幼儿园
|
|
| 作者: | 薛素珍 著 | |
| 分册: | ||
| 出版信息: | 北京 北京出版社 1983 |
|
| 页数: | 110页 | |
| 开本: | 19cm | |
| 丛书名: | ||
| 单 册: | ||
| 中图分类: | G618 | |
| 科图分类: | ||
| 主题词: | 幼儿园-办学经验 , 托儿所-办学经验 | |
| 电子资源: | ||
| ISBN: | ||
| 000 | 00662nam0 2200253 45 | |
| 001 | 0183009238 | |
| 005 | 20040425134747.7 | |
| 010 | @dCNY0.30 | |
| 091 | @a7071.836 | |
| 100 | @a19950629d1983 em y0chiy0121 ea | |
| 101 | 0 | @achi |
| 102 | @aCN@b110000 | |
| 105 | @ay z 000yy | |
| 106 | @ar | |
| 200 | 10 | @a怎样办托儿所幼儿园@Azen yang ban tuo er suo you er yuan@f薛素珍著 |
| 210 | @a北京@c北京出版社@d1983 | |
| 215 | @a110页@d19cm | |
| 606 | @a幼儿园-办学经验 | |
| 606 | @a托儿所-办学经验 | |
| 690 | @aG618@v3 | |
| 701 | 0 | @a薛素珍@Axue su zhen@4著 |
| 801 | 0 | @aCN@b上海图书馆@c20040425 |
| 801 | 2 | @aCN@bNLC@c20040425 |
| 905 | @f1@b87244@dG618@e29 | |
| 怎样办托儿所幼儿园/薛素珍著.-北京:北京出版社,1983 |
| 110页;19cm |
| ISBN :CNY0.30 |
| ● |
| 相关链接 |
|
|
|
|
正题名:怎样办托儿所幼儿园
索取号:G618/29
 
预约/预借
| 序号 | 登录号 | 条形码 | 馆藏地/架位号 | 状态 | 备注 |
| 1 | 0087244 | 000464688 | 密集书库/ [索取号:G618/29] | 在馆 | |
| 2 | 0087245 | 000464376 | 第一样本阅览室/ [索取号:G618/29] | 在馆 |